Income tax law and practice: (Record no. 203292)
[ view plain ]
| 000 -LEADER | |
|---|---|
| fixed length control field | 00754nam a2200241Ia 4500 |
| 003 - CONTROL NUMBER IDENTIFIER | |
| control field | OSt |
| 005 - DATE AND TIME OF LATEST TRANSACTION | |
| control field | 20260303110057.0 |
| 008 - FIXED-LENGTH DATA ELEMENTS--GENERAL INFORMATION | |
| fixed length control field | 210716s2008 xx 000 0 und d |
| 020 ## - INTERNATIONAL STANDARD BOOK NUMBER | |
| International Standard Book Number | 9788182092167 |
| 040 ## - CATALOGING SOURCE | |
| Transcribing agency | AIMIT LIBRARY |
| 041 ## - LANGUAGE CODE | |
| Language code of text/sound track or separate title | eng |
| 082 ## - DEWEY DECIMAL CLASSIFICATION NUMBER | |
| Classification number | 336.242 |
| Item number | HARN |
| 100 ## - MAIN ENTRY--PERSONAL NAME | |
| Personal name | Hariharan, N. |
| 9 (RLIN) | 257419 |
| 245 ## - TITLE STATEMENT | |
| Title | Income tax law and practice: |
| Remainder of title | assessment year 2008-2009 / |
| Statement of responsibility, etc. | By N Hariharan. |
| 250 ## - EDITION STATEMENT | |
| Edition statement | 3rd ed. |
| 260 ## - PUBLICATION, DISTRIBUTION, ETC. | |
| Place of publication, distribution, etc. | Chennai : |
| Name of publisher, distributor, etc. | Vijay Nicole Imprints Pvt Ltd , |
| Date of publication, distribution, etc. | 2008. |
| 300 ## - PHYSICAL DESCRIPTION | |
| Extent | xviii,12.21,IDX9 p.; |
| Other physical details | PB |
| Dimensions | 24 cm. |
| 440 ## - SERIES STATEMENT/ADDED ENTRY--TITLE | |
| Title | Assessment year 2008-09 |
| 9 (RLIN) | 257420 |
| 650 ## - SUBJECT ADDED ENTRY--TOPICAL TERM | |
| Topical term or geographic name entry element | Income from salary |
| 9 (RLIN) | 257421 |
| 650 ## - SUBJECT ADDED ENTRY--TOPICAL TERM | |
| Topical term or geographic name entry element | Depreciation |
| 9 (RLIN) | 257422 |
| 650 ## - SUBJECT ADDED ENTRY--TOPICAL TERM | |
| Topical term or geographic name entry element | Income from capital gains |
| 9 (RLIN) | 257423 |
| 942 ## - ADDED ENTRY ELEMENTS (KOHA) | |
| Source of classification or shelving scheme | Dewey Decimal Classification |
| Koha item type | Book |
| Edition | 3 |
| Call number prefix | 336.242 HARN |
| Withdrawn status | Lost status | Source of classification or shelving scheme | Damaged status | Not for loan | Collection code | Home library | Current library | Shelving location | Date acquired | Cost, normal purchase price | Inventory number | Total Checkouts | Full call number | Barcode | Date last seen | Cost, replacement price | Price effective from | Koha item type |
|---|---|---|---|---|---|---|---|---|---|---|---|---|---|---|---|---|---|---|
| Dewey Decimal Classification | MBA | St Aloysius Institute of Management & Information Technology | St Aloysius Institute of Management & Information Technology | Tax | 03/17/2009 | 250.00 | Bill no:9191; Bill dt:2009-02-12 | 336.242 HARN | MBA05858 | 05/23/2026 | 187.50 | 07/16/2021 | Book |